Les sentiers Grandes Randonnées les plus connus de France - Statistiques

Statistiques générales
  • Ce quiz a été pris 77 fois
  • Le résultat moyen est 8 sur 16
Statistiques - réponses
Réponse % Correct
GR 20 - Corse
99%
GR 5 - Alpes
85%
GR 10 - Pyrénées
84%
GR 3 - Loire
79%
GR 4 - Royan - Grasse
69%
GR 34 - Bretagne
68%
GR 9 - Jura à Méditerranée
62%
GR 21 - Seine-Maritime
46%
GR 54 - Oisans
46%
GR 65 - Saint-Jacques de Compostelle
43%
GR 52 - Mercantour
41%
GR 70 - Stevenson
38%
GR TMB - Tour du Mont-Blanc
25%
GR R2 - La Réunion
10%
GR 223 - Normandie
7%
GR 210 - Littoral basque
0%
Aucun quiz correspondant
Distribution des résultats
% des personnes avec chaque résultat
Percentile par nombre de réponses
Votre historique - résultats
Vous n’avez pas pris ce quiz